<?xml version="1.0" encoding="UTF-8"?>
<record
    xmlns:xsi="http://www.w3.org/2001/XMLSchema-instance"
    xsi:schemaLocation="http://www.loc.gov/MARC21/slim http://www.loc.gov/standards/marcxml/schema/MARC21slim.xsd"
    xmlns="http://www.loc.gov/MARC21/slim">

  <leader>01333nam0a22003371  4500</leader>
  <controlfield tag="001">RU\INFOCOMM_322\NLR\5000100592</controlfield>
  <controlfield tag="005">20250613103238.0</controlfield>
  <datafield tag="035" ind1=" " ind2=" ">
    <subfield code="a">(NLR Aleph) 009462083</subfield>
  </datafield>
  <datafield tag="090" ind1=" " ind2=" ">
    <subfield code="a">8473247</subfield>
    <subfield code="c">8473247</subfield>
  </datafield>
  <datafield tag="100" ind1=" " ind2=" ">
    <subfield code="a">20121211d1985    |||y0rusy50      ca</subfield>
  </datafield>
  <datafield tag="101" ind1="0" ind2=" ">
    <subfield code="a">eng</subfield>
  </datafield>
  <datafield tag="102" ind1=" " ind2=" ">
    <subfield code="a">RU</subfield>
  </datafield>
  <datafield tag="105" ind1=" " ind2=" ">
    <subfield code="a">y   z   |||||</subfield>
  </datafield>
  <datafield tag="200" ind1="1" ind2=" ">
    <subfield code="a">Stability of one-dimensional stationary slightly supercritical dissipative structures</subfield>
    <subfield code="f">A. B. Konstantinov, B. A. Molomed [!], I. E. Staroselsky</subfield>
  </datafield>
  <datafield tag="210" ind1=" " ind2=" ">
    <subfield code="a">Chernogolovka</subfield>
    <subfield code="c">&#x418;&#x43D;-&#x442; &#x442;&#x435;&#x43E;&#x440;&#x435;&#x442;. &#x444;&#x438;&#x437;&#x438;&#x43A;&#x438; &#x438;&#x43C;. &#x41B;. &#x414;. &#x41B;&#x430;&#x43D;&#x434;&#x430;&#x443; &#x410;&#x41D; &#x421;&#x421;&#x421;&#x420;</subfield>
    <subfield code="d">1985</subfield>
  </datafield>
  <datafield tag="215" ind1=" " ind2=" ">
    <subfield code="a">14 &#x441;.</subfield>
    <subfield code="c">&#x433;&#x440;&#x430;&#x444;.</subfield>
    <subfield code="d">22 &#x441;&#x43C;</subfield>
  </datafield>
  <datafield tag="225" ind1="1" ind2=" ">
    <subfield code="a">Preprint</subfield>
    <subfield code="f">The Acad. of sciences of the USSR, L. D. Landau inst. for theoretical physics</subfield>
    <subfield code="v">1985-16</subfield>
  </datafield>
  <datafield tag="320" ind1=" " ind2=" ">
    <subfield code="a">&#x411;&#x438;&#x431;&#x43B;&#x438;&#x43E;&#x433;&#x440;.: &#x441;. 13</subfield>
  </datafield>
  <datafield tag="606" ind1="0" ind2=" ">
    <subfield code="a">&#x414;&#x438;&#x441;&#x441;&#x438;&#x43F;&#x430;&#x442;&#x438;&#x432;&#x43D;&#x44B;&#x435; &#x441;&#x442;&#x440;&#x443;&#x43A;&#x442;&#x443;&#x440;&#x44B;</subfield>
    <subfield code="9">2598215</subfield>
    <subfield code="3">RU\NLR\AUTH\661535072</subfield>
  </datafield>
  <datafield tag="620" ind1=" " ind2=" ">
    <subfield code="a">&#x427;&#x435;&#x440;&#x43D;&#x43E;&#x433;&#x43E;&#x43B;&#x43E;&#x432;&#x43A;&#x430;</subfield>
  </datafield>
  <datafield tag="686" ind1=" " ind2=" ">
    <subfield code="a">&#x412;317.26</subfield>
    <subfield code="2">rubbk</subfield>
  </datafield>
  <datafield tag="700" ind1=" " ind2="1">
    <subfield code="a">Konstantinov</subfield>
    <subfield code="b">A. B.</subfield>
    <subfield code="g">Aleksandr Borisovi&#x10D;</subfield>
  </datafield>
  <datafield tag="701" ind1=" " ind2="1">
    <subfield code="9">z01790</subfield>
    <subfield code="a">Malomed</subfield>
    <subfield code="b">B. A.</subfield>
    <subfield code="g">Boris Aronovi&#x10D;</subfield>
  </datafield>
  <datafield tag="701" ind1=" " ind2="1">
    <subfield code="9">z02790</subfield>
    <subfield code="a">Starosel'skij</subfield>
    <subfield code="b">I. E.</subfield>
  </datafield>
  <datafield tag="790" ind1=" " ind2="1">
    <subfield code="9">z01701</subfield>
    <subfield code="a">Molomed [!]</subfield>
    <subfield code="b">B. A.</subfield>
    <subfield code="4">070</subfield>
  </datafield>
  <datafield tag="790" ind1=" " ind2="1">
    <subfield code="9">z02701</subfield>
    <subfield code="a">Staroselsky</subfield>
    <subfield code="b">I. E.</subfield>
    <subfield code="4">070</subfield>
  </datafield>
  <datafield tag="801" ind1=" " ind2="1">
    <subfield code="a">RU</subfield>
    <subfield code="b">NLR</subfield>
    <subfield code="c">20121211</subfield>
  </datafield>
  <datafield tag="801" ind1=" " ind2="0">
    <subfield code="a">RU</subfield>
    <subfield code="b">INFOCOMM</subfield>
    <subfield code="g">PSBO</subfield>
  </datafield>
  <datafield tag="852" ind1=" " ind2=" ">
    <subfield code="a">NLR</subfield>
    <subfield code="j">&#x424;&#x437;01 &#x414;-6/375</subfield>
  </datafield>
  <datafield tag="942" ind1=" " ind2=" ">
    <subfield code="c">BOOK</subfield>
  </datafield>
  <datafield tag="980" ind1=" " ind2=" ">
    <subfield code="a">NB</subfield>
  </datafield>
  <datafield tag="995" ind1=" " ind2=" ">
    <subfield code="5">2013-10-26</subfield>
    <subfield code="b">NLR01</subfield>
    <subfield code="c">NLR01</subfield>
    <subfield code="e">IF</subfield>
    <subfield code="f">9462083-10</subfield>
    <subfield code="k">&#x424;&#x437;01 &#x414;-6/375</subfield>
    <subfield code="o">0</subfield>
    <subfield code="r">BOOK</subfield>
    <subfield code="s">01_6375</subfield>
  </datafield>
</record>
